000 00325nam a22001457a 4500
008 210517b ||||| |||| 00| 0 eng d
020 _a9780823077557
041 _aeng
080 _a781
082 _a781
100 _a45
101 _aMUZ
245 _aThis Business of Music
_cM. William Krasilovsky
942 _2udc
_cBK
999 _c57369
_d57369